书目信息 |
| 题名: |
土壤溶质运移
|
|
| 作者: | 李韵珠 , 李保国 编著 | |
| 分册: | ||
| 出版信息: | 北京 科学出版社 1998 |
|
| 页数: | 335页 | |
| 开本: | 20cm | |
| 丛书名: | ||
| 单 册: | ||
| 中图分类: | S153.5 | |
| 科图分类: | ||
| 主题词: | 土壤溶液--输运 | |
| 电子资源: | ||
| ISBN: | 7-03-006477-1 | |
| 000 | 00585nam0 2200205 45 | |
| 001 | 0304071586 | |
| 005 | 20031219104108.9 | |
| 010 | @a7-03-006477-1@dCNY23.00 | |
| 100 | @a20030407d1998 km y0chiy0120 ea | |
| 101 | 0 | @achi |
| 105 | @ak z 000yy | |
| 200 | 1 | @a土壤溶质运移@ATu Rang Rong Zhi Yun Yi@f李韵珠,李保国编著@FLi Yun Zhu,Li Bao Guo Bian Zhu |
| 210 | @a北京@c科学出版社@d1998 | |
| 215 | @a335页@d20cm | |
| 606 | 0 | @a土壤溶液@x输运 |
| 690 | @aS153.5@v4 | |
| 701 | 0 | @a李韵珠@4编著 |
| 701 | 0 | @a李保国@4编著 |
| 801 | @aCN@bTSTC@c20030407 | |
| 905 | @b322311-312@dS153.5@e23@f2 | |
| 土壤溶质运移/李韵珠,李保国编著.-北京:科学出版社,1998 |
| 335页;20cm |
| ISBN 7-03-006477-1:CNY23.00 |
| ● |
| 相关链接 |
|
|
|
|
正题名:土壤溶质运移
索取号:S153.5/23
 
预约/预借
| 序号 | 登录号 | 条形码 | 馆藏地/架位号 | 状态 | 备注 |
| 1 | 0322311 | 203223118 | 第三借阅区/ [索取号:S153.5/23] | 在馆 | |
| 2 | 0322312 | 203223127 | 第二样本阅览室/ [索取号:S153.5/23] | 在馆 |